000
00266nam a22001217a 4500
008
170412b xxu||||| |||| 00| 0 eng d
041
_a
eng
080
_a
618
100
_a
10
101
_a
SHM
245
_a
MANAGING CONTRACEPTION
_c
HATCHER.R.A
942
_2
udc
_c
BK
999
_c
10583
_d
10583